Estefânia, a rainha virgem (Record no. 16407)
[ view plain ]
| 000 -Etiqueta do registo | |
|---|---|
| Valores | 00669nam a2200205 4500 |
| 010 ## - Número ISBN | |
| ISBN | 9789895870578 |
| 021 ## - Número do Depósito Legal | |
| Número | 547562/25 |
| 100 ## - Dados gerais de processamento | |
| Dados gerais | 20250901d2025 m y0pory50030103ba |
| 200 1# - Titulo e menção de responsabilidade | |
| Título próprio | Estefânia, a rainha virgem |
| Primeira menção de responsabilidade | Isabel Stilwell |
| 205 ## - Menção da edição | |
| Edição | 1ª ed |
| 210 #9 - Publicação | |
| Local de publicação | Lisboa |
| Nome do editor | Planeta, |
| Data de publicação | 2025 |
| 215 ## - Descrição física | |
| Paginação / Volumes | 475, [4] p., [16] p. il. |
| Outras indicações físicas | il. |
| Dimensões | 24 cm |
| 675 ## - CDU | |
| Notação | 821.134.3-311.6"19/20" |
| Edição | BN |
| Língua | por |
| 675 ## - CDU | |
| Notação | 929Estefânia, Rainha de Portugal(0:82-31) |
| Edição | BN |
| Língua | por |
| 700 #1 - Autor principal (pessoa individual) | |
| Apelido | Stilwell, |
| Nome | Isabel, |
| Datas | 1960- |
| 801 #0 - Fonte de origem | |
| País | PT |
| Agência | BN |
| Regras de catalogação | RPC |
| 856 41 - Localização e acesso electrónico | |
| URL | <a href="http://rnod.bnportugal.gov.pt/ImagesBN/winlibimg.aspx?skey=&doc=2224834&img=211536&save=true">http://rnod.bnportugal.gov.pt/ImagesBN/winlibimg.aspx?skey=&doc=2224834&img=211536&save=true</a> |
| 990 ## - Elementos KOHA | |
| Tipo de documento | Livro |
| Situação do levantamento | Estado | Número | Biblioteca de origem | Código de barras | Cota | Permissão de empréstimo | Tipo de documento | Forma de aquisição |
|---|---|---|---|---|---|---|---|---|
| BMA | Biblioteca Municipal do Alandroal | 18489/25 | 821.134.3-311.6 STI | Livro | Compra |